000 00423ntaaa2200169 4500
003 01
005 20251027201943.0
008 0714s1973 ag 01
040 _aAR-BaBN
_bspa
_cAR-BaBN
_eaacr
_dRIC
082 _a248.0000 Ch36
100 _aChapman, J. B.
_918119
245 _aSinging in the shadows
250 _a1 ed. :
_bNazarena Publishing House,
_cc1941
300 _a183 p.
650 _aVida Cristiana
942 _cBK
999 _c14269
_d14269